000
00325nam a2200133Ia 4500
008
170203s9999 xx 000 0 und d
020
_a
9831480945
050
_a
Fic
050
_b
.C574
245
_a
Cinderella /
260
_b
Kohwai & Young Publications
300
_a
15 pages ;
440
_a
favourite fairy tales series
999
_c
306004
_d
306004